Central Library OPAC University of Rajshahi

Environmental impact assessment / (Record no. 57331)

MARC details
000 -LEADER
fixed length control field 00796nam a2200265 a 4500
001 - CONTROL NUMBER
control field 57331
003 - CONTROL NUMBER IDENTIFIER
rucl marc code BD-RJUL
005 - DATE AND TIME OF LATEST TRANSACTION
control field 20211209080509.0
008 - FIXED-LENGTH DATA ELEMENTS--GENERAL INFORMATION
fixed length control field 161208s1975 enka 001 0 eng
020 ## - INTERNATIONAL STANDARD BOOK NUMBER
International Standard Book Number 0877350612
035 ## - SYSTEM CONTROL NUMBER
System control number (BD-RJUL) 57455
040 ## - CATALOGING SOURCE
Original cataloging agency DLC
Transcribing agency DLC
Modifying agency BD-RJUL
Language of cataloging eng
041 ## - LANGUAGE CODE
Language code of text/sound track or separate title eng
082 ## - DEWEY DECIMAL CLASSIFICATION NUMBER
Edition number 23
Classification number 363.6
Author mark and year ENV 1975
099 ## - LOCAL FREE-TEXT CALL NUMBER (OCLC)
Bangla Class number TD194.5.E58
245 10 - TITLE STATEMENT
Title Environmental impact assessment /
Statement of responsibility, etc. Ruthann Corwin ... [et al.].
260 ## - PUBLICATION, DISTRIBUTION, ETC. (IMPRINT)
Place of publication, distribution, etc. San Francisco, CA :
Name of publisher, distributor, etc. Freeman, Cooper,
Date of publication, distribution, etc. c1975.
300 ## - PHYSICAL DESCRIPTION
Pagination 277 p. :
Illustrations ill. ;
Size 25 cm.
500 ## - GENERAL NOTE
General note Includes index.
650 #0 - SUBJECT ADDED ENTRY--TOPICAL TERM
Topical term or geographic name as entry element Environmental impact statements.
9 (RLIN) 170266
Topical term or geographic name as entry element Environmental protection
Geographic subdivision United States.
9 (RLIN) 170267
700 1# - ADDED ENTRY--PERSONAL NAME
Personal name Corwin, Ruthann,
Dates associated with a name 1945-
942 ## - ADDED ENTRY ELEMENTS (KOHA)
Source of classification or shelving scheme Dewey Decimal Classification
Koha item type Books
Holdings
Lost status Source of classification or shelving scheme Damaged status Not for loan Collection code Permanent Location Current Location Shelving location Date acquired Source of acquisition Total Checkouts Full call number Date last seen Copy number Koha item type
  Dewey Decimal Classification   Not For Loan Non-fiction Central Library, University of Rajshahi Central Library, University of Rajshahi Reading Room 22/08/1990 Asia foundation   363.6 ENV 1975 08/12/2016 C-1 Books